000 00636cam a2200193 a 4500
001 000025539
005 20200930023849.0
008 901219s1969 mx r 000 | spa d
040 _aDO-SdBNP
_bspa
_cBNPHU
041 _aspa
_heng
_2Código de idioma MARC
082 _axxxx
_bR297j, 1969
100 1 _aRechy, John,
_952197
240 0 _aCity of night.
_lEspañol
245 1 0 _aJusticia como equidad :
_bmateriales para una teoría de la justicia /
_cJohn Rechy ; traducción Eduardo Escalona.
250 _a4a ed.
260 _aMéxico, D. F. :
_bDiana,
_c1969.
300 _a412 p. ;
_c20 cm.
700 1 _aEscalona, Eduardo,
_etr.
_97529
999 _c25031
_d25031